<?xml version="1.0" encoding="UTF-8"?>
<marc:record xmlns:marc="http://www.loc.gov/MARC21/slim">
   <marc:leader>00000nam a2200000 a 4500</marc:leader>
   <marc:datafield ind1="1" ind2=" " tag="100">
      <marc:subfield code="a">Hayward, Jimmy</marc:subfield>
      <marc:subfield code="4">aut</marc:subfield>
      <marc:subfield code="e">Verfasser/-in</marc:subfield>
   </marc:datafield>
   <marc:datafield ind1=" " ind2=" " tag="653">
      <marc:subfield code="a">Rettung</marc:subfield>
   </marc:datafield>
   <marc:datafield ind1=" " ind2=" " tag="653">
      <marc:subfield code="a">Dschungel</marc:subfield>
   </marc:datafield>
   <marc:datafield ind1=" " ind2=" " tag="653">
      <marc:subfield code="a">Elefant Horton</marc:subfield>
   </marc:datafield>
   <marc:datafield ind1=" " ind2=" " tag="653">
      <marc:subfield code="a">Staubkorn</marc:subfield>
   </marc:datafield>
   <marc:datafield ind1="0" ind2="0" tag="245">
      <marc:subfield code="a">Horton hört ein Hu!</marc:subfield>
   </marc:datafield>
   <marc:datafield ind1="0" ind2="0" tag="245">
      <marc:subfield code="b">von den Machern von "ICE AGE"</marc:subfield>
   </marc:datafield>
   <marc:datafield ind1=" " ind2="1" tag="264">
      <marc:subfield code="b">Twentieth Century Fox Home Entert.</marc:subfield>
      <marc:subfield code="c">2008</marc:subfield>
   </marc:datafield>
   <marc:datafield ind1="1" ind2=" " tag="520">
      <marc:subfield code="a">Eines schönen Tages hört der neugierige Elefant Horton im Dschungel einen Hilfeschrei von einem Staubkorn. Auf ihm wohnen die Hus, deren winzige Welt in Gefahr ist. Horton verspricht den Winzlingen, sie wieder an einen sicheren Platz im Dschungel zu bringen. Dieses Versprechen katapultiert ihn mitten in ein rasantes Dschungelabenteuer. Die anderen Urwaldbewohner, allen voran die garstige Känguru-Mama, halten ihn nicht nur für vollkommen verrückt, sondern versuchen sogar, seine Mission zu verhindern. Doch weil ein Elefant hundertprozentig treu ist, lässt sich Horton nicht davon abbringen!</marc:subfield>
   </marc:datafield>
   <marc:datafield ind1="3" ind2=" " tag="024">
      <marc:subfield code="a">4010232043122</marc:subfield>
   </marc:datafield>
</marc:record>
